Heat transfer (Record no. 3641)

000 -LEADER
fixed length control field 00564nam a2200229 a 4500
001 - CONTROL NUMBER
control field 3641
003 - CONTROL NUMBER IDENTIFIER
control field BD-DhUET
008 - FIXED-LENGTH DATA ELEMENTS--GENERAL INFORMATION
fixed length control field 960506s1997 nyua b 001 0 eng
020 ## - INTERNATIONAL STANDARD BOOK NUMBER
International Standard Book Number 0071143203
020 ## - INTERNATIONAL STANDARD BOOK NUMBER
International Standard Book Number 0078447852
040 ## - CATALOGING SOURCE
Original cataloging agency DLC
Transcribing agency DLC
Modifying agency BD-DhUET
082 00 - DEWEY DECIMAL CLASSIFICATION NUMBER
Classification number 621.011
Item number HOL/1997
100 1# - MAIN ENTRY--PERSONAL NAME
Personal name Holman, J. P.
245 10 - TITLE STATEMENT
Title Heat transfer
250 ## - EDITION STATEMENT
Edition statement 8th ed.
260 ## - PUBLICATION, DISTRIBUTION, ETC. (IMPRINT)
Place of publication, distribution, etc. New York
Name of publisher, distributor, etc. McGraw-Hill
Date of publication, distribution, etc. 1997
300 ## - PHYSICAL DESCRIPTION
Extent xviii, 696 p.
Other physical details ill.
490 ## - SERIES STATEMENT
Series statement Schaum's outline series
504 ## - BIBLIOGRAPHY, ETC. NOTE
Bibliography, etc Includes bibliographies
650 #0 - SUBJECT ADDED ENTRY--TOPICAL TERM
Topical term or geographic name as entry element Heat transfer
942 ## - ADDED ENTRY ELEMENTS (KOHA)
Koha item type General Book
Holdings
Source of classification or shelving scheme Koha out on loan Koha date last seen Location (home branch) Date acquired Koha date last borrowed Not for loan Piece designation (barcode) Damaged status Sublocation or collection (holding branch) Price effective from Koha item type Shelving location Koha normalized classification for sorting Koha issues (times borrowed) Lost status Withdrawn status Koha full call number Copy number
 2025-05-112025-04-27Central Library, BUET2014-11-032025-04-27 92450 Central Library, BUET2014-11-03General BookCirculation section621_011000000000000_HOL_19973  621.011/HOL/19971
  2014-11-03Central Library, BUET2014-11-03  92452 Central Library, BUET2014-11-03General BookCirculation section621_011000000000000_HOL_1997   621.011/HOL/19972
  2016-07-30Central Library, BUET2014-11-03  92453 Central Library, BUET2014-11-03General BookCirculation section621_000000000000000_011HOL1997   621.011/HOL/19973
  2022-06-08Central Library, BUET2014-11-032022-01-09 92454 Central Library, BUET2014-11-03General BookCirculation section621_000000000000000_011HOL19971  621.011/HOL/19974
  2024-10-28Central Library, BUET2014-11-032024-10-02 92455 Central Library, BUET2014-11-03General BookCirculation section621_000000000000000_011HOL19972  621.011/HOL/19975
  2024-08-31Central Library, BUET2014-11-032023-12-10 92457 Central Library, BUET2014-11-03General BookCirculation section621_000000000000000_011HOL19973  621.011/HOL/19976
  2014-11-03Central Library, BUET2014-11-03  92459 Central Library, BUET2014-11-03General BookCirculation section621_000000000000000_011HOL1997   621.011/HOL/19977
  2024-08-28Central Library, BUET2014-11-032024-03-12 92460 Central Library, BUET2014-11-03General BookCirculation section621_011000000000000_HOL_19971  621.011/HOL/19978
  2024-06-22Central Library, BUET2014-11-032024-04-08 92461 Central Library, BUET2014-11-03General BookCirculation section621_000000000000000_011HOL19971  621.011/HOL/19979
  2025-03-12Central Library, BUET2014-11-032024-12-10 92462 Central Library, BUET2014-11-03General BookCirculation section621_000000000000000_011HOL19975  621.011/HOL/199710
  2017-05-03Central Library, BUET2014-11-032015-03-04 92464 Central Library, BUET2014-11-03General BookCirculation section621_000000000000000_011HOL19971  621.011/HOL/199711
  2019-07-10Central Library, BUET2014-11-032019-06-17 92465 Central Library, BUET2014-11-03General BookCirculation section621_000000000000000_011HOL19973  621.011/HOL/199712
  2022-06-08Central Library, BUET2014-11-032022-05-24 92466 Central Library, BUET2014-11-03General BookCirculation section621_000000000000000_011HOL19973  621.011/HOL/199713
  2015-04-12Central Library, BUET2015-04-12  92468 Central Library, BUET2015-04-12General BookCirculation section621_011000000000000_HOL_1997   621.011 HOL/199714
  2015-07-02Central Library, BUET2015-07-02  92447 Central Library, BUET2015-07-02Reading ItemReading section621_011000000000000_HOL_1997   621.011/HOL/199715
  2015-07-09Central Library, BUET2015-07-09  92446 Central Library, BUET2015-07-09Reading ItemReading section621_011000000000000_HOL_1997   621.011/HOL/199716